书目信息 |
| 题名: |
大容量多电平变换器——原理·控制·应用
|
|
| 作者: | 李永东 编著 | |
| 分册: | ||
| 出版信息: | 北京 科学出版社 2005 |
|
| 页数: | 255页 | |
| 开本: | 20cm | |
| 丛书名: | ||
| 单 册: | ||
| 中图分类: | TN624 | |
| 科图分类: | ||
| 主题词: | 微波传播--控制元件 | |
| 电子资源: | ||
| ISBN: | 7-03-015876-8 | |
| 000 | 00603nam0 2200181 450 | |
| 001 | 0735592734 | |
| 005 | 20070906095312.73 | |
| 010 | @a7-03-015876-8@d¥33.00 | |
| 100 | @a20070906d km y0chiy0120 ea | |
| 101 | 0 | @achi |
| 200 | 1 | @a大容量多电平变换器——原理·控制·应用@Ada rong liang duo dian ping bian huan qi——yuan li·kong zhi·ying yong@f李永东等编著@Fli yong dong deng bian zhu |
| 210 | @a北京@c科学出版社@d2005 | |
| 215 | @a255页@d20cm | |
| 606 | 0 | @a微波传播@x控制元件 |
| 690 | @aTN624@v3 | |
| 701 | 0 | @a李永东@Ali yong dong@4编著 |
| 801 | 0 | @aCN@bPFT@c20070906 |
| 905 | @a213230@dTN624@ep1@f1 | |
| 大容量多电平变换器——原理·控制·应用/李永东等编著.-北京:科学出版社,2005 |
| 255页;20cm |
| ISBN 7-03-015876-8:¥33.00 |
| ● |
| 相关链接 |
|
|
|
|
正题名:大容量多电平变换器——原理·控制·应用
索取号:TN624/p1
 
预约/预借
| 序号 | 登录号 | 条形码 | 馆藏地/架位号 | 状态 | 备注 |
| 1 | 7202371 | 272023703 | 密集书库-物理学院/ [索取号:TN624/p1] | 在馆 | |
| 2 | 7202372 | 272023712 | 密集书库-物理学院/ [索取号:TN624/p1] | 在馆 | |
| 3 | 7202373 | 272023721 | 密集书库-物理学院/ [索取号:TN624/p1] | 在馆 | |
| 4 | 7202374 | 272023730 | 密集书库-物理学院/ [索取号:TN624/p1] | 在馆 | |
| 5 | 7202375 | 272023749 | 密集书库-物理学院/ [索取号:TN624/p1] | 在馆 |